000 006330000a22002050004500
090 _aAR
_b03816
245 1 0 _aPhylogenetics and biogeography of the neotropical fern genera Jamesonia and Eriosorus (Pteridaceae)
650 1 4 _aBotánica
_9361
650 1 4 _aBiogeografía
_992747
650 1 4 _aPáramos
_992513
650 1 4 _aAnálisis genético
_975159
650 1 4 _aEvolución
_992797
651 4 _pAmérica del Sur
_992749
653 _gJamesonia
653 _gEriosorus
041 0 _aInglés
100 1 _aSánchez Baracaldo, Patricia
_914099
942 _cARTICULO
773 1 _tAmerican Journal of Botany
_h2
_q274-284
_d2004
_g91
999 _c12851
_d12851